| 000 | 00598nam a2200145Ia 4500 | ||
|---|---|---|---|
| 008 | 100204s9999 xx 000 0 und d | ||
| 082 | _b19319 | ||
| 100 | _aपगडी सेतुमाधवराव | ||
| 245 | _aनियतीच्या विळख्यात औरंगजेब | ||
| 260 |
_b"परचुरे प्रकाशन , मुंबई" _c1993 |
||
| 300 | _a256 | ||
| 630 | _aनियतीच्या विळख्यात औरंगजेब | ||
| 730 | _aनियतीच्या विळख्यात औरंगजेब | ||
| 942 | _cBOOK | ||
| 999 |
_c463741 _d463738 |
||